000 01063nam a2200277Ia 4500
003 OSt
005 20221005110145.0
006 a|||||r|||| 00| 0
007 ta
008 221004b |||||||| |||| 00| 0 hin d
020 _a8172017146 (pbk)
_c75
024 _a92844
037 _b530, 19/03/2009, Vani Prakashan
_cTextual
040 _aCRL
_cCRL
_bhin
041 _2hin
_ahin
082 _aV2wM70, 152N4
100 _aबैनर्जी, अनिल चन्द्र
245 0 _aयदुनाथ सरकार
246 _aYadunāth sarakāra
260 _aनई दिल्ली
_bसाहित्य अकादेमी भारत
_c1994
300 _a86पृ0
_ccm.
490 _aभारतीय साहित्य के निर्माता
700 _a माहेश्वर, अनु.
942 _hV2wM70, 152N4
_cTEXL
_2cc
999 _c1017969
_d1017969